Taylor Swift song - one word at the time #9 - Statistics

General Stats
  • This quiz has been taken 35 times
  • The average score is 298 of 385
Answer Stats
Answer % Correct
a
100%
A
100%
I
96%
I'd
96%
I'll
96%
the
96%
you
96%
You
96%
to
92%
and
88%
And
88%
me
88%
on
88%
when
88%
be
83%
he
83%
He
83%
he'll
83%
he's
83%
in
83%
knew
83%
No
83%
trouble
83%
Trouble
83%
were
83%
all
79%
I'm
79%
never
79%
Red
79%
So
79%
that
79%
That
79%
walked
79%
was
79%
your
79%
got
75%
her
75%
oh
75%
Oh
75%
time
75%
You're
75%
you're
75%
ago
71%
alone
71%
cry
71%
didn't
71%
Once
71%
down
71%
few
71%
is
71%
mistakes
71%
now
71%
Now
71%
upon
71%
why
71%
Yeah
71%
been
67%
Cause
67%
ever
67%
fear
67%
he's
67%
I knew you were trouble
67%
places
67%
put
67%
care
63%
cold
63%
found
63%
liked
63%
see
63%
shame
63%
Without
63%
without
63%
anyone
58%
anything
58%
blame
58%
Comes
58%
drowning
58%
Flew
58%
gone
58%
ground
58%
guess
58%
hard
58%
I'd
58%
know
58%
long
58%
loved
58%
lying
58%
next
58%
Or
58%
or
58%
realize
58%
reason
58%
back
54%
fell
54%
joke
54%
sights
54%
step
54%
Til
54%
took
54%
creeping
50%
doesn't
50%
from
50%
met
50%
saddest
50%
apologies
46%
moved
46%
belt
42%
heard
42%
new
42%
Pretends
42%
hey
38%
notch
38%
street
38%
whispers
38%
No matching quizzes found
Score Distribution
Percent of People with Each Score
Percentile by Number Answered
Your Score History
You have not taken this quiz